Представление документа в формате RUSMARC

ПолеНазваниеЗначение
  Тип записи a
  Библиографический уровень a
001 Контрольный номер RU/CBS_UL/BASE/0d1b27b7fbd64dbdab3cfa1727c538a6
005 Дата корректировки 20260314171106.9
100 Данные общей обработки __
a Данные общей обработки 20260314 ||| 0rusy0189 ca
101 Язык документа 0_
a Язык текста rus
102 Страна публикации __
a Страна публикации RU
200 Заглавие и сведения об ответственности 1_
a Заглавие Ника Гаркалина: "Папа в самой сложной ситуации мог найти свет"
e Сведения, относящиеся к заглавию [беседа с Н. Гаркалиной об отце, актёре В. Гаркалине]
f Первые сведения об ответственности Н. Гаркалина
g Последующие сведения об ответственности бесед. Н. Николайчик
300 Общие примечания __
a Общие примечания 12+
461 Уровень набора _0
1 2000
a Коллекция КАРАВАН историй
463 Уровень физической единицы _0
1 2000
a № 2
v С. 96-122 : фот.
1 2101
d 2026
1 001RU/CBS_UL/BASE/4b57544511c64a99a62a9e038f0e7ace
600 Персоналии _1
a Персоналии (Фамилия) Гаркалин
b Персоналии (Имя, инициалы) В.Б.
606 Тематические рубрики 0_
a Основная рубрика Гаркалин, Валерий Борисович (1954-2021)
610 Ключевые слова 0_
a Ключевые слова актёры советские, российские актёры, театральные педагоги, народные артисты Российской Федерации
686 Индексы других классификаций __
2 Код системы rubbk
a Классификационный индекс 85.374(2)
700 Автор _1
a Фамилия Гаркалина
b Имя (инициалы) Н.
801 Источник записи _0
a Страна RU
b Организация МБУК ЦБС г. Ульяновска
c Дата составления 20260314
g Правила каталогизации RCR
801 Источник записи _1
a Страна RU
b Организация МБУК ЦБС г. Ульяновска
c Дата составления 20260314
g Правила каталогизации RCR
901 Тип документа __
t Тип документа b
w Контрольный № источника RU/CBS_UL/BASE/4b57544511c64a99a62a9e038f0e7ace
909 Создатель записи __
a Создатель записи lib1